Statistics for National Cherry Pie Day Quiz

Click here to take the quiz!

General Stats

  • This quiz has been taken 5,064 times
  • The average score is 9 of 14

Answer Stats

HintAnswer% Correct
In what language are cherry blossoms known as "sakura"?Japanese
97%
What part of a cherry is toxic?the Pit
94%
Complete the analogy: Cherry is to Ice Cream Sundae as ___ is to Christmas TreeStar
85%
Who, according to legend, chopped down a cherry tree as a youth
but refused to lie about it?
George Washington
81%
Complete the Warrant song lyric: "She's my ____ __. Put a smile on your face,
ten miles wide. Looks so good, bring a tear to your eye."
Cherry Pie
75%
What small firework was banned in the U.S. by the Child Safety Act of 1966?Cherry Bomb
67%
Complete the Katy Petty song lyric: "I kissed a girl and I liked it / the taste of her cherry ..."Chapstick
66%
What flavor of Ben & Jerry's ice cream is named for a member of the Grateful Dead?Cherry {Garcia}
62%
In what country would you find the city of Puducherry, formerly known as Pondicherry?India
58%
What is the name of a sweetened, preserved cherry typically colored with red dye 40?Maraschino
56%
What sport did Don Cherry play professionally?Ice Hockey
51%
Traverse City calls itself the "Cherry Capital of the World".
In which U.S. state would you find Traverse City?
Michigan
44%
What is a cherry cordial covered with?Chocolate
43%
What's another food word that means the same as "cherry", if you're referring to
the condition of a used car?
Mint
36%

Score Distribution

Percentile by Number Answered

Percent of People with Each Score

Your Score History

You have not taken this quiz